00973nam a2200205Ia 4500008004100000020001500041041001200056082001600068100001400084245008000098260002500178300000800203650001600211700001500227942000700242999001500249952017100264952017100435952016100606221030s9999 xx 000 0 und d a8120313623 aEnglish a105.23bAlb aH. Alblas 0aPractice & Principles Of Compiler Building With Ccby H. Alblas, A. Nymeyer bPHIaNew Delhic2001 a427 aBE Computer aA. Nymeyer cBK c7731d7731 pBE 4598g175.00l0o105.23 Albr2024-06-13 00:00:00w2022-10-30yBK003Print4070aMIETLIBbMIETLIBcBL-Academic Block C, FL-2, CUP-20, SH-2, R-2d2001-12-3110HBE pBE 4599g175.00l0o105.23 Albr2024-06-13 00:00:00w2022-10-30yBK003Print4070aMIETLIBbMIETLIBcBL-Academic Block C, FL-2, CUP-20, SH-2, R-2d2001-12-3110HBE pBE 4600g175.00l0o105.23 Albr2024-06-13 00:00:00w2022-10-30yBK003Print4071aMIETLIBbMIETLIBcBL-Second, FL-1, CUP-77, SH-4, R-4d2001-12-3110HBE